Sports Quiz

Random Sports or MLB Quiz

MLB No-Hitters Quiz Stats

 Plays Quiz Updated May 19, 2021

Support Sporcle.
Go Orange.
Score 0/292 Timer 20:00
2 Plays Today
Year Pitcher % Correct
1973Nolan Ryan
87.5%
1973Nolan Ryan
87.5%
1974Nolan Ryan
87.4%
1975Nolan Ryan
87.4%
1981Nolan Ryan
87.4%
1990Nolan Ryan
87.4%
1991Nolan Ryan
87.3%
1990Randy Johnson
85.9%
2004Randy Johnson
85.7%
1920Walter Johnson
84.7%
1964Ken Johnson
84.2%
2021Corey Kluber
78.8%
2019Justin Verlander
78.6%
1897Cy Young
72.3%
1904Cy Young
72.3%
1908Cy Young
72.3%
2012Felix Hernandez
66.3%
1962Sandy Koufax
65.5%
1963Sandy Koufax
65.5%
1964Sandy Koufax
65.5%
1965Sandy Koufax
65.5%
2014Clayton Kershaw
65%
2015Max Scherzer
63.5%
2015Max Scherzer
63.4%
2021John Means
62.9%
1995Ramón Martínez
61.8%
1991Dennis Martinez
61.5%
2013Tim Lincecum
60.8%
2021Spencer Turnbull
60.5%
2014Tim Lincecum
60.2%
1999David Cone
60%
2021Wade Miley
59.1%
1998David Wells
59.1%
2012Johan Santana
58.6%
2021Carlos Rodón
56.1%
2012Matt Cain
56%
2001Bud Smith
55.4%
1905Frank Smith
55.4%
1908Frank Smith
55.4%
2021Joe Musgrove
54.8%
2007Mark Buehrle
53%
2009Mark Buehrle
53%
2015Jake Arrieta
52.7%
1971Bob Gibson
52.4%
2016Jake Arrieta
52.3%
1978Tom Seaver
51.1%
2010Roy Halladay
50.7%
2015Cole Hamels
47.9%
2007Justin Verlander
47.8%
1997Kevin Brown
47.6%
2010Roy Halladay
45.9%
2020Lucas Giolito
45.7%
1922Sam Jones
45.6%
1955Sam Jones
45.6%
1892Bumpus Jones
45.5%
2014Josh Beckett
44.4%
1956Don Larsen
44.2%
2012Philip Humber
43.5%
2013Homer Bailey
43.3%
2019Mike Fiers
43.2%
1996Dwight Gooden
43.1%
2012Homer Bailey
42.5%
1996Hideo Nomo
41.7%
2001Hideo Nomo
41.6%
1901Christy Mathewson
41.2%
1905Christy Mathewson
41.2%
2008Jon Lester
41%
1940Bob Feller
40.9%
1946Bob Feller
40.9%
1951Bob Feller
40.9%
1969Jim Palmer
40.8%
2006Aníbal Sánchez
40.7%
2009Jonathan Sanchez
40.6%
2012Jered Weaver
39.9%
2020Alec Mills
39.6%
1960Warren Spahn
39.1%
1961Warren Spahn
39.1%
1968Catfish Hunter
37.8%
1990Fernando Valenzuela
37.8%
2010Edwin Jackson
37.2%
2011Justin Verlander
36.8%
2015Mike Fiers
36.6%
1994Kenny Rogers
36.3%
2017Edinson Volquez
36.1%
1984Jack Morris
36.1%
1973Phil Niekro
35.9%
1884Ed Morris
35.9%
2013Henderson Alvarez
35.7%
2018James Paxton
35.6%
2014Jordan Zimmermann
35.4%
2010Dallas Braden
35%
1970Vida Blue
34.6%
2018Sean Manaea
34.3%
1999José Jiménez
34%
1968Gaylord Perry
33.5%
1911Howard Wood
32.1%
1938Johnny Vander Meer
32%
1938Johnny Vander Meer
32%
Year Pitcher % Correct
1967Don Wilson
32%
1969Don Wilson
32%
2015Chris Heston
32%
1990Dave Stewart
32%
1954Jim Wilson
31.9%
1962Earl Wilson
31.9%
2010Ubaldo Jimenez
31.4%
2011Ervin Santana
31.4%
1963Juan Marichal
30.9%
2015Hisashi Iwakuma
30.7%
2007Clay Buchholz
30.7%
1958Jim Bunning
30.6%
1964Jim Bunning
30.6%
1977Dennis Eckersley
30.3%
1986Mike Scott
30.3%
2008Carlos Zambrano
29.9%
2001A.J. Burnett
29.7%
1934Paul Dean
29.6%
1977Bert Blyleven
29.3%
1991Bret Saberhagen
29.1%
2002Derek Lowe
28.8%
1988Tom Browning
28.6%
1990Dave Stieb
27.8%
1993Jim Abbott
27.8%
2003Kevin Millwood
25.7%
1984Mike Witt
25.7%
1947Don Black
25.4%
1981Len Barker
25.4%
1914George Davis
24.8%
1983Dave Righetti
24.7%
1970Dock Ellis
24.1%
1991Wilson Alvarez
23.6%
1948Bob Lemon
22.9%
1899Vic Willis
22.9%
1996Al Leiter
22.9%
1908Addie Joss
22.8%
1910Addie Joss
22.8%
1978Bob Forsch
22.3%
1983Bob Forsch
22.3%
1979Ken Forsch
22.2%
1951Allie Reynolds
22%
1951Allie Reynolds
22%
1991Tommy Greene
22%
1929Carl Hubbell
21.4%
1880Pud Galvin
21.3%
1884Pud Galvin
21.3%
2010Matt Garza
21.2%
1993Darryl Kile
20.5%
1958Hoyt Wilhelm
20.2%
1969Ken Holtzman
19.5%
1971Ken Holtzman
19.5%
1972Milt Pappas
18.9%
1952Virgil Trucks
18.9%
1952Virgil Trucks
18.9%
1880John Montgomery Ward
18.9%
1976John Candelaria
18.8%
1925Dazzy Vance
18.7%
1990Terry Mulholland
18.7%
1994Scott Erickson
18.6%
1911Ed Walsh
18.5%
1922Charlie Robertson
18.3%
1973Steve Busby
18.2%
1974Steve Busby
18.2%
1967Dean Chance
18.1%
1999Eric Milton
17.9%
1971Rick Wise
17.8%
1993Chris Bosio
17.7%
2011Francisco Liriano
17.6%
1970Clyde Wright
17.6%
1965Jim Maloney
17.6%
1969Jim Maloney
17.6%
1883Charles Radbourn
17.5%
1994Kent Mercker
17.3%
1980Jerry Reuss
17.1%
1981Charlie Lea
17.1%
1916Dutch Leonard
16.9%
1918Dutch Leonard
16.9%
1907Nick Maddox
16.9%
1987Juan Nieves
16.8%
1972Burt Hooton
16.6%
1976John Montefusco
16.6%
1976Larry Dierker
16.4%
1969Bill Stoneman
16.4%
1972Bill Stoneman
16.4%
1917Eddie Cicotte
16.1%
1880Lee Richmond
15.9%
1960Lew Burdette
15.8%
1956Sal Maglie
15.8%
1926Ted Lyons
15.8%
1910Charles Bender
15.7%
1983Mike Warren
15.7%
1886Adonis Terry
15.6%
1888Adonis Terry
15.6%
1880Larry Corcoran
15.6%
1882Larry Corcoran
15.6%
1884Larry Corcoran
15.6%
1952Carl Erskine
15.5%
1956Carl Erskine
15.5%
Year Pitcher % Correct
1992Kevin Gross
15.4%
1973Jim Bibby
15.4%
1885John Clarkson
15.2%
1915Rube Marquard
15.2%
1970Bill Singer
14.9%
1876George Bradley
14.9%
1986Joe Cowley
14.6%
1969Bob Moose
14.5%
1968Ray Washburn
14.4%
1962Bo Belinsky
14.3%
1935Vern Kennedy
13.9%
1916Leslie Bush
13.7%
1975Ed Halicki
13.5%
1892Ben Sanders
13.4%
1974Dick Bosman
13.4%
1953Bobo Holloman
13.3%
1931Bobby Burke
13.3%
1947Ewell Blackwell
13.1%
1956Mel Parnell
13.1%
1965Sonny Siebert
12.9%
1916Tom Hughes
12.9%
1912Earl Hamilton
12.9%
1898Jay Hughes
12.9%
1924Jesse Haines
12.9%
1916Rube Foster
12.8%
1960Don Cardwell
12.5%
1977Jim Colborn
12.5%
1891Amos Rusie
12.4%
1962Bill Monbouquette
12.4%
1965Dave Morehead
12.4%
1967Joe Horlen
12.4%
1884Dick Burns
12.2%
1931Wes Ferrell
12.2%
1968Tom Phoebus
12.2%
1946Ed Head
12.2%
1919Ray Caldwell
12%
1884Al Atkinson
11.9%
1886Al Atkinson
11.9%
1968George Culver
11.9%
1948Rex Barney
11.7%
1922Jesse Barnes
11.5%
1963Don Nottebart
11.4%
1951Cliff Chambers
11.3%
1888Henry Porter
11%
1950Vern Bickford
11%
1957Bob Keegan
10.9%
1962Jack Kralick
10.9%
1900Noodles Hahn
10.9%
1885Charles J. Ferguson
10.9%
1908Nap Rucker
10.9%
1912George Mullin
10.8%
1884Frank Mountain
10.7%
1882Tony Mullane
10.7%
1945Dick Fowler
10.6%
1923Howard Ehmke
10.6%
1917Fred Toney
10.6%
1890Cannonball Titcomb
10.3%
1906Johnny Lush
10.3%
1891Ted Breitenstein
10.3%
1898Ted Breitenstein
10.3%
1917Ernie Koob
10.2%
1940Tex Carleton
10.1%
1907Francis Pfeffer
10.1%
1908Bob Rhoads
10.1%
1883Hugh Daily
9.9%
1899Deacon Phillippe
9.9%
1908Hooks Wiltse
9.9%
1904Jesse Tannehill
9.8%
1919Hod Eller
9.8%
1914Joe Benz
9.7%
1941Lon Warneke
9.7%
1944Clyde Shoun
9.6%
1944Jim Tobin
9.6%
1938Monte Pearson
9.5%
1882Guy Hecker
9.4%
1947Bill McCahan
9.4%
1905Bill Dinneen
9.2%
1886Matt Kilroy
9.2%
1915Jimmy Lavender
9.1%
1902Nixey Callahan
9%
1912Jeff Tesreau
8.9%
1937Bill Dietrich
8.5%
1891Tom Lovett
8.5%
1903Chick Fraser
8.4%
1906Mal Eason
8.3%
1893Bill Hawke
8.1%
1884Ed Cushman
8.1%
1888Gus Weyhing
8.1%
1898Red Donahue
8.1%
1884Sam Kimber
8.1%
1892Jack Stivetts
8%
1888Ed Seward
7.9%
1905Weldon Henley
7.8%
1898Walter Thornton
7.8%
1917George Mogridge
7.7%
1914Ed Lafitte
7.6%

You're not logged in!

Compare scores with friends on all Sporcle quizzes.
OR
Log In

From the Vault

MLB Rookie No-Hitters

by Ben

Nothing like raising the bar just a wee bit high early in your career.
Remove Ads.
Support Sporcle.
Get the best of Sporcle when you Go Orange. This ad-free experience offers more features, more stats, and more fun while also helping to support Sporcle. Thank you for becoming a member.

Show Comments

Extras

Top Quizzes Today


Score Distribution

Your Account Isn't Verified!

In order to create a playlist on Sporcle, you need to verify the email address you used during registration. Go to your Sporcle Settings to finish the process.

Report this User

Report this user for behavior that violates our Community Guidelines.

Details: